MARC details
| 000 -LÍDER |
| campo de controle de tamanho fixo |
01284nam a2200373 4500 |
| 001 - NÚMERO DE CONTROLE |
| campo de controle |
191 |
| 003 - IDENTIFICADOR DO NÚMERO DE CONTROLE |
| campo de controle |
OSt |
| 005 - DATA E HORÁRIO DA ÚLTIMA TRANSAÇÃO |
| campo de controle |
20250528074014.0 |
| 008 - CAMPO DE DADOS FIXOS--INFORMAÇÃO GERAL |
| campo de controle de tamanho fixo |
250131b |||||||g |||| 00| 1 eng d |
| 020 ## - ISBN - INTERNATIONAL STANDARD BOOK NUMBER |
| ISBN - International Standard Book Number |
8526212451 |
| 040 ## - FONTE DA CATALOGAÇÃO |
| Idioma da catalogação |
por |
| 041 ## - CÓDIGO DE IDIOMA |
| Código do idioma do original e/ou traduções intermediárias do texto |
eng |
| Código do idioma do texto/trilha sonora ou título diferente |
por |
| 082 ## - CDD - CLASSIFICAÇÃO DECIMAL DE DEWEY |
| Número de Classificação |
028.5 |
| Número do exemplar |
D314rc |
| 100 1# - ENTRADA PRINCIPAL--NOME PESSOAL |
| Nome pessoal |
Defoe, Daniel, |
| Datas associadas ao nome |
1661?-1731 |
| 9 (RLIN) |
347 |
| 240 ## - TÍTULO UNIFORME |
| Título uniforme |
Robinson Crusoé |
| 245 ## - TÍTULO |
| Título |
Robinson Crusoé: |
| Restante do título |
A conquista do mundo numa ilha / |
| Indicação de responsabilidade, etc. |
Defoe, Daniel ; Tradução e adaptação de Werner Zotz |
| 250 ## - EDIÇÃO |
| Declaração de edição |
15° edição |
| 260 ## - PUBLICAÇÃO, DISTRIBUIÇÃO, ETC. |
| Local de publicação, distribuição, etc. |
São Paulo |
| Nome do editor, distribuidor, etc. |
Scipione |
| Data da publicação, distribuição, etc. |
1996 |
| 300 ## - DESCRIÇÃO FÍSICA |
| Extensão |
112 p. |
| 490 1# - TÍTULO DA SÉRIE |
| Título da série |
Reencontro |
| 520 ## - NOTA DE RESUMO, ETC. |
| Resumo, etc. |
Robinson era um jovem marinheiro inglês. Ao viajar para a África, seu navio é colhido por uma tempestade e naufraga. Toda a tripulação morre, com exceção do jovem, que se refugia numa ilha deserta. Lá ele defronta-se com as dificuldades de uma existência primitiva. |
| 650 #0 - ASSUNTO--TERMO TÓPICO |
| Cabeçalho tópico ou nome geográfico |
Literatura Inglesa |
| 9 (RLIN) |
89 |
| 650 #0 - ASSUNTO--TERMO TÓPICO |
| Cabeçalho tópico ou nome geográfico |
Adaptação |
| 9 (RLIN) |
788 |
| 650 #0 - ASSUNTO--TERMO TÓPICO |
| Cabeçalho tópico ou nome geográfico |
Infantojuvenil |
| 9 (RLIN) |
200 |
| 650 #0 - ASSUNTO--TERMO TÓPICO |
| Cabeçalho tópico ou nome geográfico |
Aventura |
| 9 (RLIN) |
47 |
| 650 #0 - ASSUNTO--TERMO TÓPICO |
| Cabeçalho tópico ou nome geográfico |
Viagens |
| 9 (RLIN) |
189 |
| 650 #0 - ASSUNTO--TERMO TÓPICO |
| Cabeçalho tópico ou nome geográfico |
Clássicos |
| 9 (RLIN) |
77 |
| 650 #0 - ASSUNTO--TERMO TÓPICO |
| Cabeçalho tópico ou nome geográfico |
Filme |
| 9 (RLIN) |
26 |
| 655 #0 - TERMO DE ÍNDICE--GÊNERO E FORMA |
| Gênero/forma/ou termo foco |
Romance |
| 655 #0 - TERMO DE ÍNDICE--GÊNERO E FORMA |
| Gênero/forma/ou termo foco |
Ficção |
| 700 ## - ENTRADA ADICIONADA - NOME PESSOAL |
| Nome pessoal |
Werner Zotz |
| Função do autor por extenso |
Tradutor |
| -- |
Adaptação |
| 9 (RLIN) |
351 |
| 830 ## - ENTRADA SECUNDÁRIA DE SÉRIE--TÍTULO UNIFORME |
| Título uniforme |
Reencontro |
| 9 (RLIN) |
246 |
| 942 ## - ELEMENTOS DE ENTRADA ADICIONADOS (KOHA) |
| Fonte de classificação ou esquema de arquivamento |
Classificação decimal de Dewey |
| Ocultar no OPAC |
Não |
| Tipo de material Koha |
Livros |